Sound patterns in the interlanguage of costa rican learners of english: the acquisition of three phonological contrasts

সংরক্ষণ করুন:
গ্রন্থ-পঞ্জীর বিবরন
প্রধান লেখক: Cortés Kandler, Mariana
বিন্যাস: অজ্ঞাত
ভাষা:Spanish
প্রকাশিত: Costa Rica Universidad de Costa Rica 2015
বিষয়গুলি:
ট্যাগগুলো: ট্যাগ যুক্ত করুন
কোনো ট্যাগ নেই, প্রথমজন হিসাবে ট্যাগ করুন!

MARC

LEADER 00000 a2200000 4500
008 190624b ||||| |||| 00| 0 spa d
999 |c 30739  |d 30739 
040 |a cru BVZT  
090 |a TESIS 942 
100 |a Cortés Kandler, Mariana 
245 |a Sound patterns in the interlanguage of costa rican learners of english: the acquisition of three phonological contrasts  |c Mariana Cortés Kandler 
260 |a Costa Rica  |b Universidad de Costa Rica  |c 2015 
300 |a 170 páginas 
630 |l INGLÉS 
650 0 |9 237  |a TRABAJO FINAL DE GRADUACIÓN 
650 0 |9 55  |a LINGÜÍSTICA  
653 |a MAESTRÍA ACADÉMICA EN LINGÜÍSTICA  
653 |a PATRONES DE SONIDO  |a INTERLENGUAJE  |a APRENDIZAJE DEL INGLÉS 
942 |c SALA  |h TESIS 942  |2 z